00826nam a22001817a 4500003000900000008004100009040007100050082002500121100002700146245003700173260003800210300002500248505025000273650002700523650001800550650002400568710005200592AR-CdUCM190405b ||||| |||| 00| 0 spa d aMUNICIPALIDAD PROVINCIAL DEL CUSCOcBIBLIOTECA MUNICIPAL DEL CUSCO a349.85 /bE74 / 1925 aEscobar Gamarra, Julio aLa condición civil del indio / aLima :bImpr. Artística,c1925. a54 paginas ;c21 cm. aContenido : El indio a través de la historia del Perú -- Caracteres del indígena peruano -- El indígena y la legislación civil vigente. La persona indígena -- El indígena y los contratos -- La propiedad del indígena. Sus clases / aIndígenas del Perú aLegislación aDerecho del trabajo aUniversidad Nacional Mayor de San Marcos (Lima)